| 000 | 01479nam a2200325 c 4500 | ||
|---|---|---|---|
| 003 | BLK | ||
| 005 | 20240405005357.0 | ||
| 008 | 180411b bul|||||r ||||||| ||bul|| | ||
| 010 | _aKNG00194215000 | ||
| 040 | _aBLK | ||
| 041 |
_aBUL _cBUL |
||
| 080 |
_aКомунистически партии. Вж и 327.323 _b329.15 _x(497.2)БКП(042) _z329.15(497.2)БКП(042) |
||
| 100 |
_aЖивков, Тодор Христов _d1911 - 1998 _gБългарски политик, БКП. Първи секретар и генерален секретар на ЦК на БКП, председател на Министерския съвет и председател на Държавния съвет на НРБ _9365041 |
||
| 139 |
_aЖивков, Тодор Христов _bЖ 48 |
||
| 245 | 1 | 0 |
_aЗа свикването на XII конгрес на БКП _bДокл. пред пленума на ЦК на БКП, 29 юли 1980 г. _cТодор Христов Живков. |
| 257 | _aBGR | ||
| 260 |
_аСофия _bПартиздат _c1980 |
||
| 300 |
_a24 с. _c17 см |
||
| 380 | _a3 | ||
| 650 | 4 |
_aБКП - конгреси, пленуми, конференции _9274639 |
|
| 653 | _aБКП | ||
| 653 | _aпленуми | ||
| 653 | _aдоклади | ||
| 852 | _aЦб І 18155 | ||
| 856 | 4 |
_qpdf _u |
|
| 856 | 4 |
_qpdf _u |
|
| 942 |
_cKNG _n0 |
||
| 944 |
_aCR _c21.10.2016 _k _lCRON CRON |
||
| 944 |
_aED _c21.10.2016 _kХристина_Везирева |
||
| 999 |
_c185222 _d185222 |
||